[Event "Riga Christmas"]
[Site "Riga"]
[Date "2023.12.09"]
[Round "8"]
[White "Saulespurens, Valdis"]
[Black "Eliseev, Sergey1"]
[Result "0-1"]
[WhiteElo "2268"]
[BlackElo "2250"]
[PlyCount "120"]
[EventDate "2023.12.04"]
[EventType "tourn"]
[EventRounds "9"]
[EventCountry "LAT"]
[EventCategory "2"]
[SourceTitle "CB50_2023"]
[SourceDate "2023.12.13"]
[SourceVersion "1"]
[SourceVersionDate "2023.12.13"]
[SourceQuality "1"]

1. e4 c5 2. Nf3 d6 3. d4 Nf6 4. Nc3 cxd4 5. Nxd4 a6 6. Be3 e5 7. Nb3 Be6 8. f3 h5 9. Qd2 Nbd7 10. 0-0-0 b5 11. Kb1 Be7 12. Nd5 Bxd5 13. exd5 Nb6 14. Bxb6 Qxb6 15. Qa5 Bd8 16. Qxb6 Bxb6 17. c4 bxc4 18. Bxc4 h4 19. g4 h3 20. Rhe1 Rh4 21. Bf1 Kd7 22. Bd3 g6 23. a4 Rhh8 24. a5 Bc7 25. Bf1 Nh7 26. Re3 Ng5 27. Rc1 Rhb8 28. Rc6 f5 29. Rec3 Ra7 30. gxf5 gxf5 31. Kc2 Bd8 32. Bxa6 Ke7 33. Rd3 f4 34. Nd2 Bxa5 35. Nc4 Bc7 36. Kc3 Nf7 37. b4 Nd8 38. Nxe5 Bb6 39. Ng6+ Kf7 40. Rxd6 Rxa6 41. Ne5+ Ke7 42. Rg6 Ra3+ 43. Kc4 Rxd3 44. Kxd3 Be3 45. d6+ Kf8 46. Nd7+ Kf7 47. Rf6+ Kg7 48. Rf8 Ra8 49. Ke4 Bg1 50. Rxf4 Bxh2 51. Rh4 Ne6 52. Kf5 Rh8 53. Rg4+ Kf7 54. Nc5 Ng7+ 55. Rxg7+ Kxg7 56. d7 Kf7 57. Ne6 Ke7 58. d8Q+ Rxd8 59. Nxd8 Bc7 60. Nc6+ Kd7 0-1

[Event "Riga Christmas"]
[Site "Riga"]
[Date "2023.12.08"]
[Round "6"]
[White "Saulespurens, Valdis"]
[Black "Starostits, Ilmars"]
[Result "0-1"]
[WhiteElo "2268"]
[BlackElo "2354"]
[PlyCount "64"]
[EventDate "2023.12.04"]
[EventType "tourn"]
[EventRounds "9"]
[EventCountry "LAT"]
[EventCategory "2"]
[SourceTitle "CB50_2023"]
[SourceDate "2023.12.13"]
[SourceVersion "1"]
[SourceVersionDate "2023.12.13"]
[SourceQuality "1"]

1. e4 c6 2. d4 d5 3. f3 dxe4 4. fxe4 e5 5. Nf3 Be6 6. c3 Nd7 7. Be2 Ngf6 8. Ng5 Bd6 9. 0-0 0-0 10. Be3 Qc7 11. h3 h6 12. Nxe6 fxe6 13. dxe5 Nxe5 14. Nd2 Qe7 15. Kh1 Rad8 16. Qc2 Neg4 17. Bd4 Bc7 18. Rf3 c5 19. Bg1 Rxd2 20. Qxd2 Nxe4 21. Qe1 Rxf3 22. gxf3 Bg3 23. Qf1 Ngf2+ 24. Bxf2 Nxf2+ 25. Kg2 Qh4 26. f4 Qxh3+ 27. Kf3 Qg4+ 28. Kg2 Qxf4 29. Qc1 Qh4 30. Bf3 Qh3+ 31. Kg1 Nd3 32. Qd2 Bf2+ 0-1

[Event "Riga Christmas"]
[Site "Riga"]
[Date "2023.12.06"]
[Round "3"]
[White "Prydun, Andriy"]
[Black "Saulespurens, Valdis"]
[Result "0-1"]
[WhiteElo "2159"]
[BlackElo "2268"]
[PlyCount "104"]
[EventDate "2023.12.04"]
[EventType "tourn"]
[EventRounds "9"]
[EventCountry "LAT"]
[EventCategory "2"]
[SourceTitle "CB50_2023"]
[SourceDate "2023.12.13"]
[SourceVersion "1"]
[SourceVersionDate "2023.12.13"]
[SourceQuality "1"]

1. d4 Nf6 2. c4 c5 3. d5 b5 4. Nc3 b4 5. Nb1 e6 6. f3 Bd6 7. Nh3 exd5 8. cxd5 0-0 9. e4 Re8 10. Nd2 Be5 11. Nc4 d6 12. Nf2 Nbd7 13. a3 Bb7 14. Be2 a5 15. Be3 Ba6 16. Nxe5 Nxe5 17. Bxa6 Rxa6 18. axb4 Nc4 19. Bc1 cxb4 20. b3 Nb6 21. 0-0 Nfd7 22. Nd3 Nc5 23. Nxc5 dxc5 24. Qd3 c4 25. bxc4 Qc7 26. c5 Qxc5+ 27. Be3 Qc4 28. Qd2 Qb5 29. Rfc1 Nd7 30. Rab1 h6 31. Bd4 Rb8 32. Bb2 Rg6 33. Kh1 Qa6 34. f4 a4 35. f5 Rg4 36. e5 a3 37. Rc6 Qa7 38. h3 Re4 39. Qc2 Qe3 40. e6 b3 41. Qd1 Ne5 42. Rc3 Qa7 43. d6 axb2 44. d7 Rd4 45. Qg1 Nxd7 46. Rd3 Rbb4 47. Rxb2 fxe6 48. fxe6 Nf6 49. e7 Kf7 50. Re2 Qd7 51. Qe1 Rxd3 52. Qxb4 Rd1+ 0-1

[Event "Riga Christmas"]
[Site "Riga"]
[Date "2023.12.06"]
[Round "4"]
[White "Saulespurens, Valdis"]
[Black "Valdats, Reinis"]
[Result "0-1"]
[WhiteElo "2268"]
[BlackElo "2154"]
[PlyCount "82"]
[EventDate "2023.12.04"]
[EventType "tourn"]
[EventRounds "9"]
[EventCountry "LAT"]
[EventCategory "2"]
[SourceTitle "CB50_2023"]
[SourceDate "2023.12.13"]
[SourceVersion "1"]
[SourceVersionDate "2023.12.13"]
[SourceQuality "1"]

1. e4 c5 2. Nf3 d6 3. d4 cxd4 4. Nxd4 Nf6 5. Nc3 g6 6. Be3 Bg7 7. f3 0-0 8. Qd2 Nc6 9. Bc4 Bd7 10. Bb3 Nxd4 11. Bxd4 b5 12. a4 b4 13. Nd5 Nxd5 14. Bxg7 Kxg7 15. Bxd5 Rc8 16. Qd4+ Kg8 17. Qxa7 Rxc2 18. 0-0 e6 19. Ba2 Qg5 20. Rf2 Rfc8 21. Bb3 Rc1+ 22. Rf1 Rxa1 23. Rxa1 Rc1+ 24. Rxc1 Qxc1+ 25. Kf2 Qxb2+ 26. Kg3 Qxb3 27. Qxd7 Qc3 28. a5 Qe5+ 29. f4 Qxa5 30. Qxd6 Qa3+ 31. Kh4 Qb2 32. Kh3 Kg7 33. e5 Qb1 34. Qd8 Qf5+ 35. Kg3 h5 36. h3 b3 37. Qd4 Qc2 38. Qd8 b2 39. Qf6+ Kg8 40. Qd8+ Kh7 41. Qe7 Qf5 0-1

[Event "LAT-chT"]
[Site "Riga"]
[Date "2019.06.08"]
[Round "5.1"]
[White "Berzinsh, Roland"]
[Black "Saulespurens, Valdis"]
[Result "1-0"]
[WhiteElo "2400"]
[BlackElo "2268"]
[PlyCount "67"]
[EventDate "2019.02.16"]
[EventType "team-tourn"]
[EventRounds "9"]
[EventCountry "LAT"]
[SourceTitle "CBM 190 Extra"]
[Source "ChessBase"]
[SourceDate "2019.07.15"]
[SourceVersion "1"]
[SourceVersionDate "2019.07.15"]
[SourceQuality "1"]
[WhiteTeam "Termo Eko/RSF"]
[BlackTeam "Ventspils"]
[WhiteTeamCountry "LAT"]
[BlackTeamCountry "LAT"]

1. e4 c5 2. Nf3 e6 3. d4 cxd4 4. Nxd4 Nf6 5. Nc3 Nc6 6. Ndb5 Bb4 7. a3 Bxc3+ 8. Nxc3 d5 9. exd5 exd5 10. Bd3 0-0 11. 0-0 h6 12. Bf4 Bg4 13. Qd2 Qd7 14. Bxh6 Ne5 15. Bg5 Nxd3 16. Bxf6 gxf6 17. Qxd3 d4 18. Ne4 Kg7 19. Qg3 f5 20. Nd2 Kh6 21. Qf4+ Kg6 22. f3 Bh5 23. Nb3 Rad8 24. Rad1 Qd6 25. Qxd6+ Rxd6 26. Rxd4 Rxd4 27. Nxd4 f4 28. Re1 Rd8 29. c3 Rd6 30. Re4 Kg5 31. h4+ Kg6 32. Rxf4 Kh7 33. g4 Bg6 34. h5 1-0

[Event "LAT-chT"]
[Site "Riga"]
[Date "2019.02.17"]
[Round "3.2"]
[White "Jankovskis, Guntis"]
[Black "Saulespurens, Valdis"]
[Result "0-1"]
[WhiteElo "2305"]
[BlackElo "2268"]
[PlyCount "84"]
[EventDate "2019.02.16"]
[EventType "team-tourn"]
[EventRounds "9"]
[EventCountry "LAT"]
[SourceTitle "CBM 189 Extra"]
[Source "ChessBase"]
[SourceDate "2019.06.03"]
[SourceVersion "1"]
[SourceVersionDate "2019.06.03"]
[SourceQuality "1"]
[WhiteTeam "Olaine"]
[BlackTeam "Ventspils"]
[WhiteTeamCountry "LAT"]
[BlackTeamCountry "LAT"]

1. Nf3 Nc6 2. d4 d5 3. Bf4 Bg4 4. e3 Nf6 5. a3 Nh5 6. Bg5 h6 7. Bh4 g5 8. h3 Bd7 9. Nfd2 Ng7 10. Bg3 Nf5 11. Bh2 Bg7 12. c4 dxc4 13. Bxc4 e5 14. d5 Nce7 15. Nc3 Nd6 16. e4 Ng6 17. Be2 Nf4 18. Bxf4 exf4 19. Bg4 Qe7 20. Bxd7+ Qxd7 21. Rc1 Kf8 22. Qf3 Re8 23. 0-0 h5 24. h4 Qe7 25. hxg5 Qxg5 26. Ne2 Be5 27. Rxc7 Qg4 28. Nc4 Nxc4 29. Rxc4 Rg8 30. Qxg4 hxg4 31. Nd4 Kg7 32. Nf5+ Kf6 33. Rfc1 Rh8 34. b4 Reg8 35. a4 Rh7 36. Rc8 Rg5 37. Kf1 f3 38. gxf3 gxf3 39. Ng3 Rxg3 40. fxg3 Bd4 41. e5+ Kg7 42. Ke1 Be3 0-1

[Event "LAT-chT"]
[Site "Riga"]
[Date "2018.12.15"]
[Round "9.5"]
[White "Saulespurens, Valdis"]
[Black "Berzinsh, Roland"]
[Result "0-1"]
[WhiteElo "2253"]
[BlackElo "2404"]
[PlyCount "78"]
[EventDate "2018.06.09"]
[EventType "team-tourn"]
[EventRounds "11"]
[EventCountry "LAT"]
[SourceTitle "CBM 189 Extra"]
[Source "ChessBase"]
[SourceDate "2019.06.03"]
[SourceVersion "1"]
[SourceVersionDate "2019.06.03"]
[SourceQuality "1"]
[WhiteTeam "Ventspils"]
[BlackTeam "Termo Eko/RSF"]
[WhiteTeamCountry "LAT"]
[BlackTeamCountry "LAT"]

1. e4 c5 2. Nf3 e6 3. d4 cxd4 4. Nxd4 a6 5. Nc3 b5 6. Be2 Bb7 7. Bf3 Qc7 8. 0-0 b4 9. Nd5 exd5 10. exd5 d6 11. a3 Be7 12. Re1 Nd7 13. Bf4 g6 14. axb4 Kf8 15. Ra3 Ne5 16. Nc6 Bxc6 17. dxc6 Kg7 18. b5 Bf6 19. g4 h6 20. Re4 Ne7 21. Rea4 d5 22. Kg2 Rab8 23. Rxa6 Rxb5 24. Ra7 Qd6 25. c4 Rxb2 26. cxd5 Rhb8 27. c7 Rc8 28. Qc1 Rb5 29. R3a6 Rb6 30. Bxh6+ Kh7 31. Rxb6 Qxb6 32. Be3 Qd6 33. Bc5 Qd7 34. d6 N7c6 35. Qf4 Nxf3 36. Kxf3 Be5 37. Qa4 Bxd6 38. Bb6 Bxc7 39. Ra6 Bxb6 0-1

[Event "LAT-chT"]
[Site "Riga"]
[Date "2018.09.08"]
[Round "5.3"]
[White "Saulespurens, Valdis"]
[Black "Kolesnikovs, Ivans"]
[Result "1-0"]
[WhiteElo "2247"]
[BlackElo "2028"]
[PlyCount "63"]
[EventDate "2018.06.09"]
[EventType "team-tourn"]
[EventRounds "11"]
[EventCountry "LAT"]
[SourceTitle "EXT 2019"]
[Source "ChessBase"]
[SourceDate "2018.10.10"]
[SourceVersion "1"]
[SourceVersionDate "2018.10.10"]
[SourceQuality "1"]
[WhiteTeam "Ventspils"]
[BlackTeam "The Royal Biograph"]
[WhiteTeamCountry "LAT"]
[BlackTeamCountry "LAT"]

1. e4 c5 2. Nf3 d6 3. d4 cxd4 4. Nxd4 Nf6 5. Nc3 a6 6. Be3 e5 7. Nb3 Be7 8. f3 Be6 9. Qd2 Nbd7 10. g4 0-0 11. 0-0-0 b5 12. g5 Nh5 13. Rg1 Nb6 14. Nd5 Nxd5 15. exd5 Bd7 16. Na5 Qc7 17. Bd3 f5 18. gxf6 Bxf6 19. Be4 Nf4 20. Kb1 b4 21. Nc6 a5 22. Nd4 exd4 23. Bxf4 Bb5 24. Rg3 Bc4 25. Rdg1 a4 26. Bxd6 Bxa2+ 27. Kxa2 Qc4+ 28. Kb1 a3 29. Rxg7+ Bxg7 30. Rxg7+ Kxg7 31. Qg5+ Kf7 32. Qe7+ 1-0

[Event "LAT-chT"]
[Site "Riga"]
[Date "2017.11.18"]
[Round "2.2"]
[White "Kantans, Toms"]
[Black "Saulespurens, Valdis"]
[Result "1-0"]
[WhiteElo "2509"]
[BlackElo "2267"]
[PlyCount "107"]
[EventDate "2017.11.17"]
[EventType "team-swiss"]
[EventRounds "7"]
[EventCountry "LAT"]
[SourceTitle "CBM 181 Extra"]
[Source "ChessBase"]
[SourceDate "2017.12.12"]
[SourceVersion "1"]
[SourceVersionDate "2017.12.12"]
[SourceQuality "1"]
[WhiteTeam "Rigas Saha School"]
[BlackTeam "Ventspils"]
[WhiteTeamCountry "LAT"]
[BlackTeamCountry "LAT"]

1. e4 c5 2. Nf3 e6 3. d4 cxd4 4. Nxd4 Nf6 5. Nc3 Nc6 6. Ndb5 Bb4 7. a3 Bxc3+ 8. Nxc3 d5 9. exd5 Nxd5 10. Bd2 0-0 11. Bd3 e5 12. 0-0 Be6 13. Ne4 h6 14. Nc5 Bc8 15. Be4 f5 16. Ba5 Qxa5 17. Bxd5+ Kh8 18. b4 Qc7 19. c4 Rb8 20. Qa4 Rf6 21. Bxc6 Rxc6 22. Qxa7 e4 23. Rfd1 Kh7 24. Rac1 Qe5 25. Rd5 Qf4 26. Rc3 b6 27. g3 Qc7 28. Qxc7 Rxc7 29. Nb3 Be6 30. Rd4 Kg6 31. f3 exf3 32. Kf2 Kf6 33. Kxf3 g5 34. Nd2 Ke5 35. Ke3 g4 36. Kd3 h5 37. Rc1 Kf6 38. Re1 Rc6 39. Kc3 h4 40. a4 Rh8 41. Re3 hxg3 42. hxg3 Rh1 43. Nb3 Rf1 44. b5 Rc8 45. Nd2 Rc1+ 46. Kb2 Rd1 47. Rd6 Kf7 48. Kc2 Rxd2+ 49. Kxd2 Bxc4 50. Rc3 f4 51. Rd4 fxg3 52. Rdxc4 Rd8+ 53. Rd3 Rh8 54. Rxg4 1-0

[Event "Riga Gipslis Memorial"]
[Site "Riga"]
[Date "2009.03.11"]
[Round "9"]
[White "Saulespurens, Valdis"]
[Black "Matlakov, Maxim"]
[Result "0-1"]
[WhiteElo "2384"]
[BlackElo "2487"]
[PlyCount "98"]
[EventDate "2009.03.05"]
[EventType "tourn"]
[EventRounds "9"]
[EventCountry "LAT"]
[EventCategory "8"]
[SourceTitle "CBM 129 Extra"]
[Source "ChessBase"]
[SourceDate "2009.05.05"]
[SourceVersion "2"]
[SourceVersionDate "2009.05.20"]
[SourceQuality "1"]

1. e4 c5 2. Nf3 Nc6 3. c3 Nf6 4. e5 Nd5 5. Bc4 Nb6 6. Be2 d6 7. exd6 e5 8. d4 cxd4 9. cxd4 exd4 10. Nxd4 Bxd6 11. Nxc6 bxc6 12. Nc3 0-0 13. 0-0 Bf5 14. Bg4 Bg6 15. Qf3 f5 16. Bh3 Qc7 17. g3 f4 18. Be6+ Kh8 19. Bxf4 Bxf4 20. gxf4 Rxf4 21. Qg3 Qe5 22. Rae1 Qf6 23. Re3 Rf8 24. f3 Nd5 25. Bxd5 cxd5 26. Rd1 d4 27. Nd5 Qc6 28. Nxf4 dxe3 29. Re1 Bf7 30. b3 Qc3 31. Ng2 Qd2 32. Nxe3 Qxa2 33. Nf5 Qb2 34. Re5 Bg6 35. Ne7 Bd3 36. f4 Qxb3 37. f5 Qb1+ 38. Re1 Qb6+ 39. Qe3 Bc4 40. Qf2 Qf6 41. Qxa7 Qg5+ 42. Kh1 Qh4 43. Qe3 Ba6 44. Rb1 Qc4 45. Kg1 Rd8 46. Rc1 Qg4+ 47. Qg3 Rd1+ 48. Rxd1 Qxd1+ 49. Kg2 Qe2+ 0-1

[Event "Riga Gipslis Memorial"]
[Site "Riga"]
[Date "2009.03.10"]
[Round "8"]
[White "Mihailovs, Jurijs"]
[Black "Saulespurens, Valdis"]
[Result "0-1"]
[WhiteElo "2398"]
[BlackElo "2384"]
[PlyCount "90"]
[EventDate "2009.03.05"]
[EventType "tourn"]
[EventRounds "9"]
[EventCountry "LAT"]
[EventCategory "8"]
[SourceTitle "CBM 129 Extra"]
[Source "ChessBase"]
[SourceDate "2009.05.05"]
[SourceVersion "2"]
[SourceVersionDate "2009.05.20"]
[SourceQuality "1"]

1. d4 Nf6 2. c4 c5 3. d5 b5 4. cxb5 a6 5. f3 e6 6. e4 exd5 7. e5 Qe7 8. Qe2 Ng8 9. Nh3 Bb7 10. Nc3 c4 11. Bg5 Qc5 12. 0-0-0 axb5 13. Be3 Qb4 14. Rxd5 Bc6 15. Nf4 Ne7 16. Rd1 Qa5 17. a3 Na6 18. Qd2 Nf5 19. Ncd5 Qxd2+ 20. Bxd2 Bc5 21. g4 Nd4 22. Bg2 0-0 23. Bc3 Ne6 24. Rhe1 Rfb8 25. Bh1 Nxf4 26. Nxf4 b4 27. axb4 Nxb4 28. Kd2 Na2 29. Re2 Nxc3 30. bxc3 g5 31. Nh5 Rb2+ 32. Ke1 Rxe2+ 33. Kxe2 Ra2+ 34. Rd2 Rxd2+ 35. Kxd2 Bg1 36. h3 Bh2 37. Nf6+ Kh8 38. Ne4 Bxe5 39. Bg2 d5 40. Nf2 Kg7 41. Bf1 Bf4+ 42. Ke2 d4 43. cxd4 c3 44. Kd3 Bb5+ 45. Kxc3 Bxf1 0-1

[Event "Riga Gipslis Memorial"]
[Site "Riga"]
[Date "2009.03.05"]
[Round "1"]
[White "Gorovykh, Eduard"]
[Black "Saulespurens, Valdis"]
[Result "1-0"]
[WhiteElo "2391"]
[BlackElo "2384"]
[PlyCount "89"]
[EventDate "2009.03.05"]
[EventType "tourn"]
[EventRounds "9"]
[EventCountry "LAT"]
[EventCategory "8"]
[SourceTitle "CBM 129 Extra"]
[Source "ChessBase"]
[SourceDate "2009.05.05"]
[SourceVersion "2"]
[SourceVersionDate "2009.05.20"]
[SourceQuality "1"]

1. e4 c6 2. d4 d5 3. f3 e5 4. dxe5 Bc5 5. Nc3 Qb6 6. Na4 Qa5+ 7. c3 Bxg1 8. Rxg1 dxe4 9. Bf4 Ne7 10. b4 Qd5 11. Nc5 Ng6 12. Bg3 Nd7 13. Qxd5 cxd5 14. Bb5 Ke7 15. Bxd7 Bxd7 16. Nxb7 h5 17. h4 Rhc8 18. Nc5 a5 19. a3 Bb5 20. Kd2 Nf8 21. fxe4 Ne6 22. Nxe6 Kxe6 23. exd5+ Kxd5 24. a4 Bd7 25. b5 Bf5 26. Bf2 Kc4 27. Bd4 Kb3 28. Rgf1 g6 29. Rf2 Rd8 30. Kc1 Rd7 31. Rb2+ Kc4 32. Kd2 Be4 33. Ke3 Bb7 34. Rf1 Re8 35. Rf4 f5 36. Rff2 Be4 37. Rfd2 Re6 38. Kf4 Re8 39. Bb6 Bd3 40. Bxa5 Ra8 41. e6 Re7 42. b6 Rxa5 43. b7 Rxb7 44. Rxb7 Kxc3 45. Ra2 1-0

[Event "Riga op"]
[Site "Riga"]
[Date "2004.08.17"]
[Round "5"]
[White "Saulespurens, Valdis"]
[Black "Kengis, Edvins"]
[Result "0-1"]
[WhiteElo "2382"]
[BlackElo "2563"]
[PlyCount "80"]
[EventDate "2004.08.15"]
[EventType "swiss"]
[EventRounds "9"]
[EventCountry "LAT"]
[SourceTitle "CBM 101 Extra"]
[Source "ChessBase"]
[SourceDate "2004.09.01"]
[SourceVersion "2"]
[SourceVersionDate "2004.09.01"]
[SourceQuality "1"]

1. e4 c5 2. Nf3 e6 3. d3 Nc6 4. g3 Bd6 5. c3 Bc7 6. Be3 d6 7. d4 cxd4 8. cxd4 Nf6 9. Nbd2 0-0 10. Bd3 e5 11. d5 Nb4 12. Be2 Ng4 13. a3 Nxe3 14. fxe3 Na6 15. b4 Nb8 16. 0-0 Bh3 17. Rf2 Nd7 18. Nh4 Nf6 19. Bf1 Bd7 20. h3 Bb6 21. Qf3 Rc8 22. Re1 Rc3 23. Nb1 Rc7 24. Nd2 Rc3 25. Nb1 Qc8 26. g4 Rc1 27. Rxc1 Qxc1 28. Nd2 Qxa3 29. Nc4 Qxb4 30. g5 Ne8 31. g6 Nf6 32. gxh7+ Kxh7 33. Rh2 Qe1 34. Nf5 Bxf5 35. exf5 Bc5 36. Re2 Qh4 37. Rd2 b5 38. Na5 e4 39. Qe2 Qg5+ 40. Kh1 Bxe3 0-1

[Event "Internet Section 06A g/8'+2\""]
[Site "Dos Hermanas"]
[Date "2004.03.06"]
[Round "2"]
[White "Muzzi, Eduardo"]
[Black "Saulespurens, Valdis"]
[Result "0-1"]
[WhiteElo "1995"]
[BlackElo "2382"]
[PlyCount "112"]
[EventDate "2004.03.06"]
[EventType "swiss (blitz)"]
[EventRounds "9"]
[EventCountry "ESP"]
[SourceTitle "CBM 099 Extra"]
[Source "ChessBase"]
[SourceDate "2004.05.04"]
[SourceVersion "1"]
[SourceVersionDate "2004.05.04"]
[SourceQuality "1"]

1. e4 c5 2. Nf3 e6 3. d4 cxd4 4. Bc4 Nf6 5. c3 Nxe4 6. cxd4 d5 7. Bd3 Nc6 8. 0-0 Be7 9. Nbd2 Nxd2 10. Bxd2 Bf6 11. Bc3 Bd7 12. Ne5 Nxe5 13. dxe5 Be7 14. Qg4 g6 15. Rac1 a6 16. Bb4 Bb5 17. Bxb5+ axb5 18. a3 0-0 19. Rc2 Ra4 20. Rfc1 Bxb4 21. axb4 d4 22. Qe4 Rxb4 23. Qxb7 Qg5 24. Rc8 Rc4 25. R1xc4 bxc4 26. Rxf8+ Kxf8 27. Qb4+ Kg7 28. Qxc4 Qxe5 29. Kf1 Qe4 30. b4 Qb1+ 31. Ke2 e5 32. b5 Qb2+ 33. Kf3 Qb1 34. Qd5 Qd3+ 35. Kg4 Qf5+ 36. Kg3 h5 37. f3 Qg5+ 38. Kf2 Qe3+ 39. Kg3 d3 40. b6 h4+ 41. Kh3 Qxb6 42. Qxe5+ Qf6 43. Qe3 Qd6 44. Qd2 Qd4 45. f4 f6 46. Kg4 g5 47. Kf3 Qxf4+ 48. Qxf4 gxf4 49. Kf2 Kg6 50. Ke1 Kf5 51. Kd2 Ke4 52. h3 Kd4 53. Kd1 Ke3 54. Ke1 d2+ 55. Kd1 f5 56. g4 Kd3 0-1

[Event "Memorial Day Classic"]
[Site "Los Angeles"]
[Date "1998.05.24"]
[Round "4"]
[White "Saulespurens, Valdis"]
[Black "Lakdawala, Cyrus"]
[Result "0-1"]
[WhiteElo "2330"]
[BlackElo "2425"]
[PlyCount "72"]
[EventDate "1998.??.??"]
[EventType "swiss"]
[EventRounds "6"]
[EventCountry "USA"]
[SourceTitle "EXT 1999"]
[Source "ChessBase"]
[SourceDate "1998.11.16"]
[SourceVersion "1"]
[SourceVersionDate "1998.11.16"]
[SourceQuality "1"]

1. e4 c5 2. Nf3 e6 3. d3 d5 4. Nbd2 Nc6 5. g3 Bd6 6. Bg2 Nge7 7. 0-0 0-0 8. Nh4 Bd7 9. f4 f6 10. c3 Be8 11. f5 dxe4 12. Nxe4 Bf7 13. Be3 b6 14. Qg4 Ne5 15. Nxf6+ Kh8 16. Qe4 gxf6 17. fxe6 Bg8 18. Bh6 Rc8 19. Bh3 Rc7 20. d4 cxd4 21. cxd4 N5g6 22. Bxf8 Qxf8 23. Rac1 Rxc1 24. Rxc1 Qh6 25. Rf1 Nxh4 26. gxh4 f5 27. Bxf5 Nxf5 28. Rxf5 Qg6+ 29. Kh1 Bxe6 30. Qa8+ Bg8 31. Qc8 h6 32. h5 Qg4 33. Rf8 Qe4+ 34. Kg1 Qxd4+ 35. Kf1 Bxf8 36. Qxf8 Qg7 0-1

[Event "Memorial Day Classic"]
[Site "Los Angeles"]
[Date "1998.05.23"]
[Round "1"]
[White "Saulespurens, Valdis"]
[Black "Brooks, Michael A"]
[Result "1/2-1/2"]
[WhiteElo "2330"]
[BlackElo "2505"]
[PlyCount "88"]
[EventDate "1998.??.??"]
[EventType "swiss"]
[EventRounds "6"]
[EventCountry "USA"]
[SourceTitle "EXT 1999"]
[Source "ChessBase"]
[SourceDate "1998.11.16"]
[SourceVersion "1"]
[SourceVersionDate "1998.11.16"]
[SourceQuality "1"]

1. e4 e5 2. Nf3 Nc6 3. Bb5 d6 4. 0-0 Nf6 5. d4 exd4 6. Nxd4 Bd7 7. Nc3 Be7 8. Nxc6 Bxc6 9. Bxc6+ bxc6 10. Bf4 0-0 11. e5 dxe5 12. Bxe5 Bd6 13. Re1 Re8 14. Bg3 Rb8 15. Rxe8+ Qxe8 16. Rb1 h5 17. Qe2 Qxe2 18. Nxe2 Ne4 19. Bxd6 cxd6 20. f3 Nf6 21. b3 Kf8 22. c4 Ke7 23. Kf2 Kd7 24. Nc3 a5 25. Rd1 Kc7 26. h4 Re8 27. Rd2 Re6 28. Re2 Rxe2+ 29. Kxe2 Kd7 30. Ke3 Ke6 31. Ne4 Nxe4 32. Kxe4 f5+ 33. Kf4 Kf6 34. a3 c5 35. g3 Kg6 36. g4 fxg4 37. fxg4 hxg4 38. Kxg4 Kh6 39. h5 g6 40. hxg6 Kxg6 41. Kf4 Kf6 42. Ke4 Ke6 43. a4 Kd7 44. Ke3 Ke6 1/2-1/2

[Event "Southern California-ch"]
[Site "Irvine"]
[Date "1998.??.??"]
[Round "4"]
[White "Van Buskirk, Charles Anthony"]
[Black "Saulespurens, Valdis"]
[Result "1/2-1/2"]
[WhiteElo "2265"]
[BlackElo "2330"]
[PlyCount "37"]
[EventDate "1998.07.??"]
[EventType "tourn"]
[EventRounds "7"]
[EventCountry "USA"]
[EventCategory "4"]
[SourceTitle "EXT 1999"]
[Source "ChessBase"]
[SourceDate "1998.11.16"]
[SourceVersion "1"]
[SourceVersionDate "1998.11.16"]
[SourceQuality "1"]

1. d4 Nf6 2. c4 c5 3. d5 e5 4. Nc3 d6 5. e4 Be7 6. Bd3 Nbd7 7. Nf3 Nf8 8. g3 Ng6 9. h4 Bg4 10. Be2 Qd7 11. Nh2 Bxe2 12. Qxe2 h5 13. Nf1 Bd8 14. Bg5 Ng4 15. f3 Nh6 16. Ne3 Ba5 17. Qc2 Ne7 18. Bxe7 Kxe7 19. Ke2 1/2-1/2

[Event "Southern California-ch"]
[Site "Irvine"]
[Date "1997.??.??"]
[Round "1"]
[White "Saulespurens, Valdis"]
[Black "Lakdawala, Cyrus"]
[Result "0-1"]
[WhiteElo "2320"]
[BlackElo "2385"]
[PlyCount "134"]
[EventDate "1997.07.??"]
[EventType "tourn"]
[EventRounds "7"]
[EventCountry "USA"]
[EventCategory "3"]
[SourceTitle "EXT 2000"]
[Source "ChessBase"]
[SourceDate "1999.11.16"]
[SourceVersion "1"]
[SourceVersionDate "1999.11.16"]
[SourceQuality "1"]

1. e4 e5 2. Nf3 Nc6 3. Bb5 Nf6 4. Nc3 Bb4 5. 0-0 0-0 6. d3 Bxc3 7. bxc3 d6 8. Re1 Qe7 9. Ba3 Nb8 10. d4 c5 11. Nxe5 Qc7 12. Nc4 a6 13. Ba4 b5 14. Nxd6 bxa4 15. Bxc5 Nbd7 16. Ba3 Nb6 17. Qd3 Rd8 18. c4 Ne8 19. Nxe8 Rxe8 20. c5 Nd7 21. Qg3 Qa5 22. c3 Qb5 23. Qf3 Qc4 24. e5 Rb8 25. c6 Nb6 26. Rab1 Be6 27. Bd6 Bd5 28. Qe2 Qxc6 29. Bxb8 Rxb8 30. c4 Qxc4 31. Qxc4 Bxc4 32. Rec1 Bb5 33. Rc5 Rd8 34. Rd1 Kf8 35. d5 Nd7 36. Rc7 Nxe5 37. d6 Nd3 38. f3 Rxd6 39. a3 g5 40. h3 h5 41. Rc5 f6 42. h4 Nxc5 43. Rxd6 Ke7 44. Rd5 Ne6 45. hxg5 fxg5 46. Kf2 Kf6 47. g3 Bc4 48. Rd1 Bb3 49. Rh1 Kg6 50. Ke3 Ng7 51. Rg1 Nf5+ 52. Ke4 Kf6 53. f4 g4 54. Kd3 Ke6 55. Re1+ Kd6 56. Rg1 Kd5 57. Rg2 Bc4+ 58. Kc3 Bb5 59. Rg1 Ke4 60. Re1+ Kf3 61. Re5 Nxg3 62. f5 Ne4+ 63. Kd4 g3 64. f6 g2 65. f7 g1Q+ 66. Kd5 Qc5+ 67. Ke6 Qd6+ 0-1

[Event "Southern California-ch"]
[Site "USA"]
[Date "1995.??.??"]
[Round "3"]
[White "Muhammad, Stephen A"]
[Black "Saulespurens, Valdis"]
[Result "1/2-1/2"]
[WhiteElo "2290"]
[BlackElo "2335"]
[PlyCount "136"]
[EventDate "1995.07.??"]
[EventType "tourn"]
[EventRounds "7"]
[EventCountry "USA"]
[EventCategory "4"]
[SourceTitle "EXT 1998"]
[Source "ChessBase"]
[SourceDate "1997.11.17"]
[SourceVersion "1"]
[SourceVersionDate "1997.11.17"]
[SourceQuality "1"]

1. d4 c5 2. d5 e5 3. e4 d6 4. Ne2 g6 5. Ng3 Bg7 6. a4 Ne7 7. Na3 0-0 8. Nc4 f5 9. exf5 gxf5 10. Bg5 h6 11. Bc1 Na6 12. Nh5 Nc7 13. Nxg7 Kxg7 14. Qh5 Rf6 15. Ra3 Qe8 16. Rg3+ Kh7 17. Qh4 Nexd5 18. Be2 f4 19. Rb3 Qg6 20. 0-0 b6 21. Rd1 Bf5 22. Bd3 e4 23. Bf1 Rg8 24. Bxf4 Nxf4 25. Qxf4 Bg4 26. Qd2 Bxd1 27. Qxd1 d5 28. Ne3 d4 29. Nc4 Ne6 30. Qe1 Nf4 31. Rg3 Qf5 32. Rxg8 Kxg8 33. g3 Ne6 34. Nd6 Qe5 35. Nxe4 Kf7 36. f4 Nxf4 37. gxf4 Rxf4 38. Bg2 Ke7 39. Qe2 c4 40. Qe1 a5 41. Qe2 Qe6 42. Bf3 Qe5 43. Kg2 Rh4 44. h3 Rf4 45. Ng3 Qxe2+ 46. Nxe2 Rf8 47. Nxd4 Kd6 48. Kf2 Rf7 49. Ke3 Re7+ 50. Be4 Kc5 51. c3 Re8 52. Nf5 Rg8 53. Kf4 Rg1 54. Nxh6 Ra1 55. h4 Rxa4 56. h5 Ra2 57. Ng4 Rxb2 58. Ke3 b5 59. h6 Rb3 60. Kd2 b4 61. h7 bxc3+ 62. Kc2 Rb6 63. Kxc3 Rb3+ 64. Kc2 Rh3 65. Kb2 Kd6 66. Bf5 Ke7 67. Ne3 Rh2+ 68. Kc3 Kf8 1/2-1/2